CREATIVITY (Record no. 8506)

MARC details
000 -LEADER
fixed length control field 00337nam a22001457a 4500
005 - DATE AND TIME OF LATEST TRANSACTION
control field 20240130121912.0
008 - FIXED-LENGTH DATA ELEMENTS--GENERAL INFORMATION
fixed length control field 240130b |||||||| |||| 00| 0 eng d
020 ## - INTERNATIONAL STANDARD BOOK NUMBER
ISBN 81-7224-863-6
041 ## - LANGUAGE CODE
Language code of text/sound track or separate title eng
100 ## - MAIN ENTRY--AUTHOR NAME
Personal name TIMPE, A. DALE
245 ## - TITLE STATEMENT
Title CREATIVITY
260 ## - PUBLICATION, DISTRIBUTION, ETC. (IMPRINT)
Place of publication MUMBAI
Name of publisher JAICO PUBLISHING HOUSE
300 ## - PHYSICAL DESCRIPTION
Number of Pages 383;P
942 ## - ADDED ENTRY ELEMENTS (KOHA)
Koha item type Books
Holdings
Lost status Damaged status Home library Current library Date acquired Source of acquisition Cost, normal purchase price Accession Number Koha item type
    JRU Library JRU Library 25/01/2020 DONATION 375.00 23609 Books